| 000 | 01226nmc a2200373 a 4500 | ||
|---|---|---|---|
| 003 | AR-BaBNM | ||
| 005 | 20251128204754.0 | ||
| 008 | 195119s1994 ||||||||||||||000 | spa|| | ||
| 020 | _a84-87567-90-8 | ||
| 040 | _cAR-BaBNM | ||
| 100 | 1 | _aWilke, Richard J. | |
| 245 | 1 | 0 | _aEstrategias para la formación del profesorado en educación ambiental |
| 250 | _a1ª ed. | ||
| 260 |
_aBilbao _bLos Libros de la Catarata _c1994 |
||
| 300 | 0 |
_a88 p. _bcuadros, il., tablas |
|
| 490 | 0 |
_aEducación ambiental _vv. 25 |
|
| 500 | 0 | _aContiene índice bibliográfico en p. 81-88 | |
| 500 | 0 | _aEsta edición cuenta con el aval del Programa Internacional de Educación Ambiental Unesco-PNUMA | |
| 500 | 0 | _aPNUMA: Programa de las Naciones Unidas para el Medio Ambiente | |
| 650 | 4 | _aEDUCACION AMBIENTAL | |
| 650 | 4 | _aOBJETIVOS EDUCACIONALES | |
| 650 | 4 | _aMETODOS DE ENSENANZA | |
| 650 | 4 | _aFORMACION PROFESIONAL | |
| 650 | 4 | _aMEDIO AMBIENTE NATURAL | |
| 650 | 4 | _aCIENCIAS AMBIENTALES | |
| 650 | 4 | _aPLANIFICACION AMBIENTAL | |
| 653 | 0 | _aFORMACION DE FORMADORES | |
| 653 | _aEDUCACION SUPERIOR | ||
| 700 | 1 | _aPeyton, R.Ben | |
| 700 | 1 | _aHungerford, Harold R. | |
| 710 | 2 | _aUnesco | |
| 942 | _cBK | ||
| 998 | _cGLORIA | ||
| 999 |
_c8761 _d8761 |
||